[Event "Alcorcon Spring op-B 1st"]
[Site "Alcorcon"]
[Date "2019.03.24"]
[Round "1"]
[White "Roldan Hernando, Ismael"]
[Black "Jimenez Sanchez, Juan Daniel"]
[Result "1-0"]
[WhiteElo "1738"]
[BlackElo "1320"]
[PlyCount "124"]
[EventDate "2019.03.24"]
[EventType "swiss"]
[EventRounds "9"]
[EventCountry "ESP"]
[SourceTitle "EXT 2020"]
[Source "ChessBase"]
[SourceDate "2019.10.17"]
[SourceVersion "1"]
[SourceVersionDate "2019.10.17"]
[SourceQuality "1"]

1. c4 e6 2. Nc3 Nf6 3. g3 d5 4. cxd5 exd5 5. d4 c6 6. Bg2 Bb4 7. a3 Ba5 8. Qc2 Nbd7 9. Bd2 0-0 10. Nf3 Re8 11. 0-0 Ne4 12. b4 Nxd2 13. Qxd2 Bc7 14. e3 Nf6 15. Qd3 Bg4 16. h3 Bd7 17. Nh4 Qc8 18. Kh2 g6 19. b5 Ne4 20. bxc6 Bxc6 21. a4 Qd8 22. Nf3 a6 23. Nd2 f5 24. f4 b5 25. axb5 axb5 26. Ncxe4 dxe4 27. Qb3+ Kg7 28. Qc3 Qd5 29. Rac1 Re6 30. Qc5 Ba5 31. Qxd5 Bxd5 32. Rc2 Bxd2 33. Rxd2 b4 34. Rb2 b3 35. Rfb1 Rea6 36. Bf1 Ra1 37. Bb5 R8a5 38. Bf1 Rxb1 39. Rxb1 Ra2+ 40. Kg1 b2 41. Kf2 Kf6 42. Ke1 g5 43. Kd2 Ra1 44. Kc2 Ba2 45. Rxb2 Rxf1 46. Rxa2 Rf3 47. Ra6+ Kg7 48. fxg5 Rxe3 49. h4 Rxg3 50. d5 Rh3 51. Rh6 e3 52. Kd3 f4 53. d6 Rh2 54. Kc3 Rd2 55. Re6 Kf7 56. Rf6+ Kg7 57. Rxf4 Rxd6 58. Re4 Kg6 59. Rxe3 Kh5 60. Re4 Rd7 61. Kc4 Rd6 62. Kc5 Rd2 1-0

[Event "Madrid San Viator op-B 28th"]
[Site "Madrid"]
[Date "2017.05.28"]
[Round "8"]
[White "Jimenez Sanchez, Juan Daniel"]
[Black "Strejoiv, Christian Ionut"]
[Result "0-1"]
[WhiteElo "1345"]
[BlackElo "1167"]
[PlyCount "46"]
[EventDate "2017.03.26"]
[EventType "swiss"]
[EventRounds "9"]
[EventCountry "ESP"]
[SourceTitle "EXT 2019"]
[Source "ChessBase"]
[SourceDate "2018.10.10"]
[SourceVersion "1"]
[SourceVersionDate "2018.10.10"]
[SourceQuality "1"]

1. d4 e6 2. Nf3 d5 3. g3 c5 4. e3 Nf6 5. Bg2 Be7 6. 0-0 0-0 7. Re1 Nc6 8. Nbd2 b5 9. b3 Ne4 10. Ne5 Nxe5 11. dxe5 Nc3 12. Qf3 f6 13. exf6 Bxf6 14. e4 Bd4 15. Qd3 Bxf2+ 16. Kf1 Bxe1+ 17. Kxe1 Qf6 18. Qe3 dxe4 19. Bb2 Nd5 20. Bxf6 Nxe3 21. Bxe4 Rxf6 22. Ke2 Nd5 23. c4 Nc3+ 0-1

[Event "Madrid San Viator op 23rd"]
[Site "Madrid"]
[Date "2014.09.28"]
[Round "1"]
[White "Jimenez Sanchez, Juan Daniel"]
[Black "Blanco Diez, David"]
[Result "0-1"]
[WhiteElo "1367"]
[BlackElo "1506"]
[PlyCount "80"]
[EventDate "2014.09.28"]
[EventType "swiss"]
[EventRounds "9"]
[EventCountry "ESP"]
[SourceTitle "EXT 2016"]
[Source "ChessBase"]
[SourceDate "2015.10.08"]
[SourceVersion "1"]
[SourceVersionDate "2015.10.08"]
[SourceQuality "1"]

1. d4 d5 2. c4 e6 3. Nf3 Nf6 4. g3 Be7 5. Bg2 0-0 6. 0-0 dxc4 7. Qc2 a6 8. Qxc4 b5 9. Qc2 Bb7 10. Bd2 Nc6 11. e3 Nb4 12. Bxb4 Bxb4 13. a3 Be7 14. b4 a5 15. bxa5 Rxa5 16. Nbd2 Rxa3 17. Rac1 Nd5 18. e4 Nc3 19. Rfe1 b4 20. Nc4 Ra2 21. Qb3 Re2 22. Rxc3 Rxe1+ 23. Nxe1 bxc3 24. Qxb7 Qxd4 25. Qxc7 Bc5 26. Ne3 Qd2 27. N1c2 Bxe3 28. Nxe3 h6 29. Qa5 Rb8 30. e5 g6 31. Be4 Rb2 32. Qa8+ Kg7 33. Nc2 Rxc2 34. Bxc2 Qxc2 35. Qd8 Qb1+ 36. Kg2 Qe4+ 37. Kg1 Qxe5 38. Qd3 Qe1+ 39. Kg2 Qd2 40. Qe4 Qd5 0-1

[Event "Madrid San Viator op 17th"]
[Site "Madrid"]
[Date "2011.10.23"]
[Round "7"]
[White "Jimenez Sanchez, Juan Daniel"]
[Black "Ruiz Bazaga, Miriam"]
[Result "0-1"]
[WhiteElo "1469"]
[BlackElo "1624"]
[PlyCount "78"]
[EventDate "2011.09.25"]
[EventType "swiss"]
[EventRounds "9"]
[EventCountry "ESP"]
[SourceTitle "EXT 2012"]
[Source "ChessBase"]
[SourceDate "2011.11.24"]
[SourceVersion "1"]
[SourceVersionDate "2011.11.24"]
[SourceQuality "1"]

1. d4 Nf6 2. Nf3 g6 3. c4 d6 4. h3 Bg7 5. Nc3 0-0 6. e4 Nbd7 7. Bg5 c5 8. d5 Qa5 9. Bd2 a6 10. Bd3 Qd8 11. 0-0 Ne5 12. Bf4 Nxd3 13. Qxd3 Bd7 14. Qd2 b5 15. Bh6 b4 16. Bxg7 Kxg7 17. Ne2 Nxe4 18. Qf4 Nf6 19. Ng3 e5 20. dxe6 Bxe6 21. Ng5 h6 22. Nxe6+ fxe6 23. b3 Nh5 24. Nxh5+ gxh5 25. Qg3+ Kh8 26. Qg6 Qf6 27. Qxh5 Rg8 28. Rae1 Rg5 29. Qe2 Rag8 30. g4 e5 31. f3 Qf4 32. Qg2 h5 33. Re4 Qf6 34. Qh2 Qg6 35. h4 Rf5 36. Kh1 Rxf3 37. Rfe1 hxg4 38. Qd2 g3 39. Kg2 Rf2+ 0-1

[Event "Madrid San Viator op 17th"]
[Site "Madrid"]
[Date "2011.10.09"]
[Round "4"]
[White "Jimenez Sanchez, Juan Daniel"]
[Black "Veiga Rodriguez, Pablo"]
[Result "0-1"]
[WhiteElo "1469"]
[BlackElo "1578"]
[PlyCount "53"]
[EventDate "2011.09.25"]
[EventType "swiss"]
[EventRounds "9"]
[EventCountry "ESP"]
[SourceTitle "EXT 2012"]
[Source "ChessBase"]
[SourceDate "2011.11.24"]
[SourceVersion "1"]
[SourceVersionDate "2011.11.24"]
[SourceQuality "1"]

1. d4 Nf6 2. c4 g6 3. Nc3 c5 4. d5 Bg7 5. Nf3 0-0 6. e3 d6 7. Bd3 e5 8. e4 Nh5 9. Ne2 Bg4 10. Ng3 Nf4 11. Bxf4 exf4 12. Nf1 Bxb2 13. Rb1 Bc3+ 14. N1d2 Qa5 15. Qb3 Bxf3 16. gxf3 Bxd2+ 17. Ke2 Bb4 18. a3 Qxa3 19. Qxa3 Bxa3 20. Rxb7 a5 21. Bc2 Na6 22. Ra1 Bb4 23. Kd3 Rfd8 24. Ba4 Rac8 25. Bb5 Nc7 26. Bc6 Ne8 27. Re1 0-1